| Поле | Название | Значение |
| |
Тип записи |
i |
| |
Библиографический уровень |
m |
| 001 |
Контрольный номер |
RU/SLIB/B/254921498 |
| 005 |
Дата корректировки |
20201206204544.7 |
| 010 |
Индекс ISBN |
__ |
| d |
Цена |
240-00 |
| 101 |
Язык документа |
__ |
| a |
Язык текста |
rus |
| c |
Язык оригинала |
rus |
| 200 |
Заглавие и сведения об ответственности |
1_ |
| a |
Заглавие |
Ревизор ; Женитьба |
| e |
Сведения, относящиеся к заглавию |
2 радиоспектакля : [по одноимен. произведениям Н. В. Гоголя] |
| f |
Первые сведения об ответственности |
[роли исполн.: Е. Весник и др. ; худож. А. Замков] |
| b |
Общее обозначение материала |
Звукозапись |
| 210 |
Выходные данные |
__ |
| a |
Место издания |
М. |
| c |
Издательство |
Элитайл |
| c |
Издательство |
Гостелерадиофонд |
| d |
Дата издания |
2005 |
| 215 |
Физическое описание |
__ |
| a |
Объем |
1 электрон. опт. диск (Audio CD) (4 ч. 23 мин.) |
| 300 |
Общие примечания |
__ |
| a |
Общие примечания |
MP3 ; 256 kbps ; 16 bit ; 44.1 kHz ; Stereo |
| 323 |
Примечание о главных создателях, исполнителях, участниках |
__ |
| a |
Примечание о главных создателях, исполнителях, участниках |
Весник Е. |
| a |
Примечание о главных создателях, исполнителях, участниках |
Табаков О. |
| a |
Примечание о главных создателях, исполнителях, участниках |
Чуваева О. |
| a |
Примечание о главных создателях, исполнителях, участниках |
Глушенко Е. |
| a |
Примечание о главных создателях, исполнителях, участниках |
Никулин В. |
| a |
Примечание о главных создателях, исполнителях, участниках |
Губанов Л. |
| a |
Примечание о главных создателях, исполнителях, участниках |
Иванов Б. |
| a |
Примечание о главных создателях, исполнителях, участниках |
Дуров Л. |
| 330 |
Аннотация |
__ |
| a |
Аннотация |
Драматические произведения «Женитьба» и «Ревизор» показывают, что за «приличной» оболочкой служебных, семейных и бытовых отношений кроются полная внутренняя разобщённость людей и глубокие социальные антагонизмы. |
| 606 |
Тематические рубрики |
__ |
| a |
Основная рубрика |
Музыка и зрелищные искусства |
| z |
Хронологическая подрубрика |
20 в.; 19 в. |
| y |
Географическая подрубрика |
Россия |
| 606 |
Тематические рубрики |
__ |
| a |
Основная рубрика |
Художественное радиовещание |
| 610 |
Ключевые слова |
__ |
| a |
Ключевые слова |
комедии; пьесы; тема сатиры; тема чиновничества; тема обмана; тема общества; тема нравов; тема выгоды; тема стяжательства; литературные герои; Хлестаков; литературные персонажи |
| 686 |
Индексы других классификаций |
__ |
| a |
Классификационный индекс |
85.38я04; ст85.38я04 |
| 702 |
Вторичная интеллектуальная ответственность |
_1 |
| a |
Фамилия |
Замков |
| b |
Имя |
А. |
| 4 |
Код отношения |
Художник |
| 4 |
Код отношения |
040 |
| 702 |
Вторичная интеллектуальная ответственность |
_1 |
| a |
Фамилия |
Гоголь |
| b |
Имя |
Н. В. |
| 4 |
Код отношения |
Автор |
| 4 |
Код отношения |
070 |
| 801 |
Источник записи |
_0 |
| a |
Страна |
RU |
| b |
Организация |
Муниципальное бюджетное учреждение культуры "Централизованная библиотечная система" г. Сургут (Центральная городская библиотека им. А. С. Пушкина) |
| g |
Правила каталогизации |
КиК/Дорошева |
| 801 |
Источник записи |
_1 |
| a |
Страна |
RU |
| b |
Организация |
Муниципальное бюджетное учреждение культуры "Централизованная библиотечная система" г. Сургут (Центральная городская библиотека им. А. С. Пушкина) |
| g |
Правила каталогизации |
КиК/Дорошева |
| 852 |
Данные о местонахождении |
__ |
| j |
Шифр хранения |
85.38я04 |
| c |
Каталожный индекс |
85.38я04 |
| i |
Авторский знак |
Р 32 |
| 901 |
Тип документа |
__ |
| t |
Тип документа |
0 |
| 903 |
Характеристики (МАРС) |
__ |
| a |
Дата передачи |
20080213 |
| 969 |
Тип издания |
__ |
| a |
Тип издания |
аудиокнига |
| 990 |
Данные о заказе (DOS) |
__ |
| j |
Количество экземпляров (DOS) |
1 |
| h |
N записи в КСУ для Б/У (DOS) |
200802 |